00862nam a2200217 a 450000100060000000300090000600800410001504000280005608200160008410000370010024500850013726000510022230000110027359000610028465000320034565000420037765000450041994200120046499900170047695201510049315876CO-ViMGA141112s2004 ck r 000 u spa d aCO-ViMGAbspacCO-ViMGA04a347.7 V492c1 aVizcaino Restrepo, Alicia92281510aContratos civiles y comerciales : bComentarios - Modelos prácticos de Minutas aBogotá, cJurídica radar ediciones, c1997 a513.p. aForma de adquisición : donación - - Precio : 10.00014aCONTRATOS COMERCIALES9341214aFORMULARIOS LEGALES - COLOMBIA92281614aSOCIEDADES COMERCIALES - COLOMBIA922817 2ddccBK c25912d25912 00102ddc40708002aMEVIECARbMEVIECARd2015-12-04hVolumen. 1 | 11/jun/2009l0o347.7 V492c p15876r2015-12-04 00:00:00tEj. 1w2015-12-04yBK